000 00281nam a22001217a 4500
020 _a81-8022-088-5
100 _aPRIORITY PUBLICATIONS
245 _aCOMMON NOUN
260 _aINDIA
_bPRIORITY PUBLICATIONS
300 _a12
650 _aMY LITTLE BOOK OF GRAMMAR
_zINDIA
942 _cBK
999 _c4981
_d4981